000 00264nam a2200097Ia 4500
001 676174
005 20250826160954.0
008 250824s9999 xx 000 0 und d
245 0 _aARŞİMET ZEKAİ GİZEMLİ TATİLDE
_cDURAN ÇETİN
260 _bATLI KARINCA YAYINLARI
999 _c676174
_d676174